LEADER 01176nam a2200289 a 4500 001 000000130917 003 CaOOAMICUS 005 20121011102403.0 008 121011s1962 it u000 u ita r 040 $aPUL$bita 041 1 $aita$hger 100 1 $aBarth, Karl,$d1886-1968.$0(OLS)http://pul/name/5629 240 10$aRömerbrief.$lItaliano.$0(OLS)http://pul/title/26211 245 12$aL'Epistola ai Romani /$cKarl Barth ; a cura di Giovanni Miegge. 260 $aMilano :$bFeltrinelli,$c1962. 300 $axxxii, 527 p. ;$c20 cm 490 1 $aBiblioteca scientifica ;$v09 630 04$aBiblia.$pN.T.$pAd Romanos$xCommenti.$0(OLS)http://pul/subject/1766 700 1 $aMiegge, Giovanni,$d1900-1961.$0(OLS)http://pul/name/16376 830 0$aBiblioteca scientifica (Feltrinelli) ;$v09.$0(OLS)http://pul/title/165453 850 $aPUL 852 $aPUL$W1$xDP1 Fondo E. Rossi$y115$m1 B 33$j41703$qFondi$B150075$CPULBib$Z2$F150075 $82 941 1 $a1 961 $aSul dorso collocazione ms. di E. Rossi: B 27 1 996 $6245$aL'Epistola ai Romani$9(OLS)http://pul/title/26212 996 $6260$aMilano :$bFeltrinelli$9(OLS)http://pul/publisher/48846 LEADER 00949nam a2200217 u 4500 001 000000119572 003 CaOOAMICUS 005 20100127121512.0 008 100127s1907 it u000 u ita r 040 $aPUL$bita$dMCT 100 1 $aCapecelatro, Alfonso,$ccard.,$d1824-1912.$0(OLS)http://pul/name/9030 245 12$aL'amore della patria e i cattolici particolarmente in Italia /$ccard. Alfonso Capecelatro. 260 $aRoma :$bDesclée, Lefebvre & comp.i,$c1907. 300 $a30 p. ;$c19 cm 650 4$aPatriottismo.$0(OLS)http://pul/subject/36220 650 4$aReligiosità$zItalia.$0(OLS)http://pul/subject/16614 850 $aPUL 852 $aPUL$W1$xDP1 Religione 1$y20$m575 A 17$j137173$qStampati$B136241$CPULBib$Z2$F136241 $82 941 1 $a8 996 $6245$aL'amore della patria e i cattolici particolarmente in Italia$9(OLS)http://pul/title/150454 996 $6260$aRoma :$bDesclée, Lefebvre & comp.i$9(OLS)http://pul/publisher/53812